000 00407nam a2200157Ia 4500
008 151213s9999 xx 000 0 und d
020 _a81-2032063-8
100 _aAndrews. Tanenbarm
245 _aModern Operating Systems
_cAndrews. Tanenbarm
260 _aNew Delhi
_bPrantic Hall
_c2001
300 _a5202 p.
650 _aComputer
650 _aComputer
700 _aAndrews. Tanenbarm
999 _c3213
_d3213